000 00949nam a2200265Ia 4500
003 OSt
005 20221005111615.0
006 a|||||r|||| 00| 0
007 ta
008 221004b |||||||| |||| 00| 0 hin d
020 _a9788176754064 (hbk)
_cINR 200.00
024 _a29740
037 _b278, 03/03/2017, Eastern Book Linkers
_cTextual
040 _aCRL
_cCRL
_bhin
041 _2hin
_ahin
082 _aO152,1N792x, Q3
100 _aचावला, ज्योति, ले.
245 0 _aमॉं का जवान चेहरा
246 _aMaॉan kā javān cheharā
260 _aपंचकूला
_bआधार प्रकाशन भारत
_c2013
300 _a124पृ0
_ccm.
650 _aहिन्दी कविता
942 _hO152,1N792x, Q3
_cTEXL
_2cc
999 _c1022329
_d1022329